Úttörők Lapja

Bibliographic Details
New Title:Pionírok Lapja
Corporate Author: Grafické a vydavateľské podniky Pravda (Bratislava) (tlač.)
Other Authors: Turi, Mária (Publishing director)
Format: Journal
Language:Hungarian
PhysicalDescription:1 zv. 32 x 24 cm
Published: Bratislava Štátne nakladateľstvo 1950-1951
ISSN:0480-5429
Subjects:

MARC

LEADER 00000cas a2200000 a 4500
001 vtls010302463
003 SK-MaSNL
005 20260228162844.0
008 110810d19501951xo mr|p r 0 b0hun
015 |a SNBDS17XX9999 
015 |a 1755  |2 Balúnová 1945-60 
038 |a SNKBUDS 
040 |a SNK  |b slo  |c SNK  |e AACR2 
041 0 |a hun 
044 |a xo  |c SK 
072 7 |a 373.2/.3  |x Predškolská a primárna výchova a vzdelávanie  |2 konspekt 
072 7 |a 37  |x Výchova a vzdelávanie  |2 konspekt 
080 |a 050  |2 2011 
080 |a 37.091.212  |2 2011 
080 |a 37.011.3-052  |2 2011 
080 |a (051.053.6)  |2 2011 
245 0 0 |a Úttörők Lapja 
260 |a Bratislava  |b Štátne nakladateľstvo  |c 1950-1951 
300 |a 1 zv.  |c 32 x 24 cm 
310 |a 1x mesačne [okrem prázdnin] 
362 0 |a Évf. I, sz. 1 (nov. 1950)-évf. I, sz. 7 (mar. 1951) 
500 |a V tiráži: Az iskolai ifjúság és az úttörők folyóirata 
500 |a Vych. v Bratislave mesačne [okrem júla a aug.] 
500 |a Hlav. a zodp. red. Mária Turi s red. kruhom 
500 |a Vyd. a maj. Štátne nakladateľstvo v Bratislave 
500 |a Tlač. Pravda, graf. a vyd. podniky v Žiline 
500 |a Vych. od nov. 1950. Posl. číslo 7/I (marec 1951) 
580 |a Pokračoval pod názvom Pionírok Lapja 
650 0 7 |a žiaci  |2 SNKPH  |9 16621 
650 0 7 |a študenti  |2 SNKPH  |9 3979 
655 7 |a stredoškolské časopisy  |2 SNKPH  |9 268797 
655 7 |a časopisy pre mládež  |2 SNKPH  |9 70792 
700 1 |a Turi, Mária  |4 pbd  |9 272322 
710 2 |a Štátne nakladateľstvo (Bratislava, Slovensko)  |4 pbl  |9 188044 
710 2 |a Grafické a vydavateľské podniky Pravda (Bratislava)  |e tlač.  |9 269578 
785 0 0 |t Pionírok Lapja  |x 0480-5429  |w vtls010299817 
852 |a SNK  |b 10000  |h snkČSA 332 
852 |a SVKKK  |b 900000  |h C 432 
910 |a snk 
999 |c 8447  |d 10377 
952 |0 0  |1 0  |4 0  |7 0  |8 5  |a SNK  |b SNK  |d 2018-06-18  |i snkXI. 1928/55  |l 0  |o snkČSA 332/1/1950-1951  |p 17A0764468  |r 2026-02-21 22:13:19  |t č. 1-7  |w 2026-02-21  |y PREZ